00434nam a2200157 a 4500008004100000020001800041050001600059100002000075245007300095250001200168260005000180300001000230350000900240650001200249650001500261150817s1998 ||||||||||||||||| || u a9780137517367 aQP 34.5 Smi aSmith, Robert R10aFundamentals of anatomy and physiology.(4th ed.)cby Robert R. Smith a4th ed. aUnited States of AmericabPrentice Hallc1998 a595p. a6.10 3aANATOMY aPHYSIOLOGY